00658cam a22002531 4500001001300000003000400013005001700017008004100034010001700075035002000092040001800112042001200130050001600142100003500158245001900193260001100212300002300223500001600246500001900262500005600281650002800337650002200365999001700387sa 66000791 DLC20260227112217.0890713s1965 ii 000 1 beno  asa 66000791  a(OCoLC)20006602 aDLCcWaUdDLC apremarc00aPK1716b.S21 aSarkar, Sudhir Chandra,d1892-10aKathāguccha. c[1965] a668, 25 p.c23 cm. aIn Bengali. aShort stories. aIncludes biographical sketches of the contributors. 0aShort stories, Bengali. 0aAuthors, Bengali. c67403d67403